000 00595nmm a2200181Ia 4500
008 251105s9999||||xx |||||||||||||||||und||
041 _aspa
100 _aOrtega Nuere, Cristina
245 0 _aEl papel del ocio en la construcción social del joven
264 _a[Madrid, España] :
_bUniversidad de Deusto,
_c2014
300 _a334 páginas
490 _aGris - Documentos de Estudios de Ocio
650 _aSocial Sciences (General)
700 _aOrtega Nuere, Cristina
700 1 _a Bayón, Fernando (coords.)
856 _uhttps://public.digitaliapublishing.com/a/37394
942 _cCF
999 _c69550
_d69550